Quick Pick: Seven Summits Quiz Stats

 Plays Quiz Updated Mar 17, 2016

Challenge
Share
Tweet
Embed
Score 0/7 Timer 01:00
0 Plays Today
% Correct
Asia
89.3%
Africa
87.2%
South America
78.6%
North America
68.4%
Oceania
65.9%
Europe
64%
Antarctica
55.9%

Today's Daily Dose

You're not logged in!

Compare scores with friends on all Sporcle quizzes.
OR
Log In

You Might Also Like...

Show Comments

Extras

Top Quizzes Today


Score Distribution

Your Account Isn't Verified!

In order to create a playlist on Sporcle, you need to verify the email address you used during registration. Go to your Sporcle Settings to finish the process.

Report this User

Report this user for behavior that violates our Community Guidelines.

Details: